Noche Loca REMIX - Oken, Myke Towers, Mora... - Estadísticas

Estadísticas generales
  • Esta prueba ha sido intentada 87 veces
  • La puntuación promedio es 660 de 875
Estadísticas de respuestas
Letra % Correcto
a
100%
A
100%
de
100%
De
100%
e
100%
el
100%
El
100%
él
100%
en
100%
En
100%
es
100%
ha
100%
Las
100%
las
100%
lo
100%
Lo
100%
loca
100%
los
100%
100%
Me
100%
me
100%
no
100%
No
100%
noche
100%
o
100%
Pa
100%
pa
100%
para
100%
que
100%
Que
100%
qué
100%
quiero
100%
Quiero
100%
100%
se
100%
Si
100%
si
100%
100%
te
100%
Te
100%
ti
100%
100%
tu
100%
Tu
100%
100%
un
100%
una
100%
Una
100%
ve
100%
Y
100%
y
100%
yo
100%
Yo
100%
al
83%
allá
83%
boca
83%
Cara
83%
con
83%
Cuando
83%
cuando
83%
deja
83%
Ella
83%
ella
83%
Estamo
83%
estamos
83%
estás
83%
la
83%
mi
83%
Nos
83%
otro
83%
por
83%
Por
83%
quiere
83%
quieres
83%
ropa
83%
También
83%
también
83%
to
83%
ver
83%
verte
83%
amiga
67%
angelical
67%
ansia
67%
aquella
67%
así
67%
Aunque
67%
aunque
67%
besar
67%
besé
67%
como
67%
condón
67%
condones
67%
Contigo
67%
contigo
67%
Desde
67%
desde
67%
día
67%
distancia
67%
dos
67%
endemonio
67%
ere
67%
eso
67%
estaba
67%
gana
67%
Hace
67%
hacer
67%
haces
67%
he
67%
loco
67%
mañana
67%
manicomio
67%
más
67%
matrimonio
67%
mío
67%
mujer
67%
na
67%
nada
67%
olvido
67%
opuesto
67%
pero
67%
Pero
67%
pon
67%
Pon
67%
Ponte
67%
ponte
67%
primer
67%
puesto
67%
sabes
67%
salgo
67%
sea
67%
sin
67%
sólo
67%
Sólo
67%
supieras
67%
terminemos
67%
tiene
67%
Tienes
67%
tienes
67%
toca
67%
todo
67%
tus
67%
va
67%
vamos
67%
Vamos
67%
venga
67%
veo
67%
ves
67%
vez
67%
Voy
67%
voy
67%
acostumbrá
50%
Actúa
50%
Adicta
50%
aguantar
50%
ajeno
50%
algo
50%
ancla
50%
apenas
50%
Apunto
50%
arrepientes
50%
aumenten
50%
baby
50%
Baby
50%
bandida
50%
bebiendo
50%
besándote
50%
beses
50%
bien
50%
Bien
50%
blanca
50%
botella
50%
buscándote
50%
buscarte
50%
carteras
50%
cementerio
50%
champán
50%
chanclas
50%
Chanel
50%
coge
50%
comí
50%
compramos
50%
condiciones
50%
conmigo
50%
contaron
50%
control
50%
copas
50%
corazón
50%
corto
50%
cuatro
50%
cuente
50%
cuerpo
50%
dañá
50%
darte
50%
debajo
50%
Decirte
50%
decirte
50%
Déjame
50%
dejas
50%
dejé
50%
dejes
50%
del
50%
dice
50%
Dice
50%
difícil
50%
digo
50%
Dile
50%
Dime
50%
dime
50%
donde
50%
easy
50%
empezaste
50%
encanta
50%
enterré
50%
especial
50%
espera
50%
estabas
50%
evitarme
50%
haga
50%
hagan
50%
hasta
50%
hotel
50%
latido
50%
latidos
50%
le
50%
ligera
50%
llena
50%
llevo
50%
Louis
50%
madrugá
50%
manera
50%
martini
50%
mejor
50%
menos
50%
Menos
50%
meterte
50%
metí
50%
mini
50%
mitad
50%
Muñequita
50%
nadie
50%
Nadie
50%
nuevo
50%
nunca
50%
oído
50%
otra
50%
paro
50%
paso
50%
pasó
50%
pensándote
50%
pensar
50%
perder
50%
permiso
50%
Phillie
50%
pido
50%
placer
50%
polvo
50%
provoca
50%
puedo
50%
quedé
50%
quedes
50%
quería
50%
quiera
50%
quieras
50%
quitándome
50%
recordándote
50%
recuerdas
50%
recupera
50%
repetir
50%
sábana
50%
sana
50%
santa
50%
Santorini
50%
semana
50%
Sentí
50%
serio
50%
siempre
50%
solos
50%
tanto
50%
tener
50%
terminar
50%
tiempo
50%
tocándote
50%
traje
50%
trajecito
50%
único
50%
usamos
50%
volver
50%
volverte
50%
Vuittini
50%
ya
50%
Ya
50%
balance
33%
bebé
33%
billetera
33%
bótame
33%
casi
33%
claro
33%
cojo
33%
despué
33%
fugá
33%
Habla
33%
Haciéndote
33%
llamaste
33%
llegaremo
33%
melón
33%
metío
33%
misterio
33%
noveno
33%
obsceno
33%
pasado
33%
pasar
33%
picharte
33%
pidas
33%
pienses
33%
sanarte
33%
tarde
33%
tengo
33%
Traté
33%
última
33%
bailándome
17%
besarte
17%
eres
17%
herida
17%
Porque
17%
siento
17%
supe
17%
tillarte
17%
tranquilo
17%
achocao
0%
adentro
0%
Coincidí
0%
delante
0%
echaba
0%
echarte
0%
esos
0%
hay
0%
igual
0%
llegarle
0%
mente
0%
mismo
0%
momentos
0%
olvidar
0%
pasas
0%
puedes
0%
queda
0%
sacar
0%
sientes
0%
No se encontraron pruebas coincidentes
Distribución de puntuación
Porcentaje de gente con cada puntuación
Porcentaje por número respondido
Historial de tus puntuaciones
No has intentado esta prueba.